Business institutions, environment / (Record no. 143318)

MARC details
000 -LEADER
fixed length control field 00787nam a22002297a 4500
005 - DATE AND TIME OF LATEST TRANSACTION
control field 20170919165344.0
010 ## - LCCN (DPL NO)
LC control number 1718EN-30 ENG-119760
020 ## - INTERNATIONAL STANDARD BOOK NUMBER
Terms of availability 295.00
International Standard Book Number 9780198075448
020 ## - INTERNATIONAL STANDARD BOOK NUMBER
Terms of availability 295.00
International Standard Book Number 198075448
035 ## - SYSTEM CONTROL NUMBER
System control number EN-103292
037 ## - SOURCE OF ACQUISITION
Source of stock number/acquisition Uppal
Stock number dpl
037 ## - SOURCE OF ACQUISITION
Source of stock number/acquisition DBAD/PUB
082 ## - DEWEY DECIMAL CLASSIFICATION NUMBER
Classification number 658.1552
100 ## - MAIN ENTRY--PERSONAL NAME
Personal name Sarkar, Runa
245 ## - TITLE STATEMENT
Title Business institutions, environment /
Statement of responsibility, etc by Runa Sarkar
260 ## - PUBLICATION, DISTRIBUTION, ETC. (IMPRINT)
Place of publication, distribution, etc New Delhi
Name of publisher, distributor, etc Oxford University Press
Date of publication, distribution, etc 2017
270 ## - ADDRESS
City New Delhi
Address YMCA Library Building,1 Jai Singh Road,
Postal code 110001
300 ## - PHYSICAL DESCRIPTION
Extent xlvii,165p.;
Dimensions 18cm(pbk)
500 ## - GENERAL NOTE
General note Includes bibliographical references and index
942 ## - ADDED ENTRY ELEMENTS (KOHA)
Item type English Books
Classification part 658.1552
Call number suffix SAR
Source of classification or shelving scheme Dewey Decimal Classification
Holdings
Withdrawn status Lost status Not for loan Collection code Home library Current library Date acquired Source of acquisition Cost, normal purchase price Full call number Barcode Copy number Cost, replacement price Koha item type
    Not For Loan Non-fiction D.B.Act.Division D.B.Act.Division 14/08/2017 DBAD/PUB 295.00 658.1552 SAR EN-103292 1 295.00 English Books

© Delhi Public Library
Hit Counter
free hit counter